书目信息 |
| 题名: |
中国税务稽查
|
|
| 作者: | 文东平 主编 | |
| 分册: | 2 | |
| 出版信息: | 北京 中国税务出版社 2008.06 |
|
| 页数: | 101页 | |
| 开本: | 20cm | |
| 丛书名: | ||
| 单 册: | ||
| 中图分类: | F812.42 | |
| 科图分类: | ||
| 主题词: | 财政 | |
| 电子资源: | ||
| ISBN: | 978-7-80235-198-1 | |
| 000 | 00586nam0 2200217 45 | |
| 001 | 0957979752 | |
| 005 | 20091018160906.81 | |
| 010 | @a978-7-80235-198-1@dCNY25.00 | |
| 100 | @a20090515d2008 ekmy0 y0120 ea | |
| 102 | @aCN@b130000 | |
| 102 | @aCN@b110000 | |
| 105 | @ay z 000yy | |
| 200 | 1 | @a中国税务稽查@h2@f文东平 主编@Fwen dong ping zhu bian |
| 210 | @a北京@c中国税务出版社@d2008.06 | |
| 215 | @a101页@d20cm | |
| 606 | 0 | @a财政 |
| 690 | @aF812.42@v4 | |
| 701 | 0 | @a文东平@Awen dong ping@4主编 |
| 801 | 0 | @aCN@c20091018 |
| 905 | @a10447@dF812.42@eW629 | |
| 906 | @d25@n3@r1 | |
| 中国税务稽查.2/文东平 主编.-北京:中国税务出版社,2008.06 |
| 101页;20cm |
| ISBN 978-7-80235-198-1:CNY25.00 |
| ● |
| 相关链接 |
|
|
|
正题名:中国税务稽查
索取号:F812.42/W629
 
预约/预借
| 序号 | 登录号 | 条形码 | 馆藏地/架位号 | 状态 | 备注 |
| 1 | 895830 | 208958305 | 社科库409/422社科库 34排2列2层/ [索取号:F812.42/W629] | 在馆 | |
| 2 | 895831 | 208958314 | 社科库409/409社科库 49排7列5层/ [索取号:F812.42/W629] | 在馆 | |
| 3 | 895832 | 208958323 | 社科库409/409社科库 49排7列5层/ [索取号:F812.42/W629] | 在馆 |